Football League Stadiums - Statistics

General Stats
  • This quiz has been taken 1,205 times
  • The average score is 11 of 26
Answer Stats
Hint Answer % Correct
Crystal Palace Selhurst Park
88%
Middlesbrough The Riverside Stadium
85%
Leeds United Elland Road
83%
Burnley FC Turf Moor
75%
Sheffield Wednesday Hillsborough Stadium
74%
Hull City KC Stadium
64%
Bristol City Ashton Gate
60%
Doncaster Rovers Keepmoat Stadium
48%
Bradford City Coral Windows Stadium
47%
Exeter City St James' Stadium
46%
Barnsley FC Oakwell Stadium
45%
Peterborough United London Road Stadium
42%
Bournemouth Seward Stadium
36%
Plymouth Argyle Home Park
35%
Oldham Athletic Boundary Park
31%
Crewe Alexandra Alexandra Stadium
30%
Gillingham MEMS Priestfield Stadium
29%
Walsall FC Banks's Stadium
25%
Torquay United Plainmoor Stadium
24%
Hartlepool United Victoria Park
21%
Shrewsbury Town Greenhous Meadow Stadium
20%
Cheltenham Town The Abbey Business Stadium
15%
Accrington Stanley The Crown Ground
10%
Rotherham United The Don Valley Stadium
10%
Colchester United Weston Homes Community Stadium
9%
Crawley Town Broadfield Stadium
8%
No matching quizzes found
Score Distribution
Percent of People with Each Score
Percentile by Number Answered
Your Score History
You have not taken this quiz